000 00302nam a22001337a 4500
008 170508b xxu||||| |||| 00| 0 eng d
020 _a9780131913622
041 _aeng
080 _a343.9
100 _a14
101 _aSHJ
245 _aCRIMINAL JUSTICE TODAY
_cSCHMALLEGER..F
942 _2udc
_cBK
999 _c12864
_d12864